|
|
|
|
| LEADER |
01473nam a22003137a 4500 |
| 001 |
39088 |
| 003 |
BD-DhAAL |
| 008 |
220704t1980 ilua be 001 0deng d |
| 999 |
|
|
|c 44519
|d 44519
|
| 020 |
|
|
|a 0852293607
|
| 040 |
|
|
|a DLC
|c DLC
|d DLC
|d BD-DhAAL
|
| 050 |
0 |
0 |
|a AE5
|b .E363 1980
|
| 082 |
0 |
0 |
|a 031
|
| 245 |
0 |
4 |
|a The New Encyclopaedia Britannica :
|b in 30 volumes : macropædia : knowledge in depth.
|n Volume VII,
|p Montpel - Piranesi.
|
| 246 |
1 |
|
|i Supplement has title:
|a Encyclopaedia Britannica supplement
|
| 250 |
|
|
|a Fifteenth edition
|
| 260 |
|
|
|a Chicago :
|b Encyclopaedia Britannica,
|c c1980.
|
| 300 |
|
|
|a 1026 pages :
|b illustrations (some colors) ;
|c 29 cm.
|
| 362 |
|
|
|a Vol. 7
|
| 500 |
|
|
|a Spine title: Encyclopaedia Britannica.
|
| 500 |
|
|
|a Accompanied by supplement (2 v.) issued in 1994 uder the title: The Encyclopaedia Britannica supplement.
|
| 504 |
|
|
|a Includes bibliographical references.
|
| 505 |
0 |
|
|a Propaedia: outline of knowledge and guide to the Britannica. 1 v.--Micropaedia: ready reference and index. 10 v.--Macropaedia: knowledge in depth. 19 v.
|
| 541 |
|
|
|a Donated By Akbar Ali Khan
|e 39088
|
| 650 |
|
0 |
|a Encyclopedias and dictionaries.
|9 49845
|
| 740 |
0 |
|
|a Encyclopaedia Britannica.
|
| 852 |
|
|
|a Ayesha Abed Library
|c Akbar Ali Khan Collection
|
| 942 |
|
|
|2 ddc
|c BK
|
| 952 |
|
|
|0 0
|1 0
|2 ddc
|4 0
|6 031_000000000000000_NEW
|7 1
|9 71173
|a BRACUL
|b BRACUL
|c CS1
|d 2022-07-04
|e Donated by Akbar Ali Khan
|l 0
|o 031 NEW
|p 3010039088
|r 2022-07-04
|t 1
|w 2022-07-04
|y BK
|